000
00352nam a22001217a 4500
003
SGT
082
_a
891.4309
_b
K20S
100
_a
श्रीधर, विजयदत्त
245
_a
कर्मवीर के सौ साल
260
_b
विवेक श्रीधर प्रकाशन
_c
2020
300
_a
227
942
_2
ddc
_c
BK
999
_c
29776
_d
29776